000 00478cam a2200145 4500500
005 20260201165300.0
041 _afre
042 _adc
100 1 0 _aMarmet, Carole
_eauthor
245 0 0 _aL’école des ouvriers, par Paul Willis(Agone, 2011, 438 p.)
260 _c2013.
500 _a2
786 0 _nLe Sociographe | 41 | 1 | 2013-03-01 | p. 126g-139g | 1297-6628
856 4 1 _uhttps://shs.cairn.info/revue-le-sociographe-2013-1-page-126g?lang=fr&redirect-ssocas=7080
999 _c1643307
_d1643307